|
|
|
|
| LEADER |
00677nab a2200181 i 4500 |
| 001 |
acta21075 |
| 005 |
20210225141958.0 |
| 008 |
161015s1986 hu o 0|| hun d |
| 022 |
|
|
|a 0200-1381
|
| 040 |
|
|
|a SZTE Egyetemi Kiadványok Repozitórium
|b hun
|
| 041 |
|
|
|a hun
|
| 100 |
2 |
|
|a Horváthné Almássy Katalin
|
| 245 |
1 |
0 |
|a Különböző értékű szervetlen sók kutatásának vizsgálata a búzaliszt bizonyos paramétereire
|h [elektronikus dokumentum] /
|c Horváthné Almássy Katalin
|
| 260 |
|
|
|c 1986
|
| 300 |
|
|
|a 71-79
|
| 490 |
0 |
|
|a Tudományos közlemények
|v 13
|
| 695 |
|
|
|a Kémia
|
| 856 |
4 |
0 |
|u http://acta.bibl.u-szeged.hu/21075/1/szef_tudkozl_013_071-079.pdf
|z Dokumentum-elérés
|